| 000 | 04759nam0a22004211 4500 | ||
|---|---|---|---|
| 001 | RU\NLR\BIBL_A\011997487 | ||
| 005 | 20260407113159.0 | ||
| 035 | _a(NLR Aleph) 011997487 | ||
| 090 |
_a11390226 _c11390226 |
||
| 100 | _a20190424j1815 |||y0rusy50 ca | ||
| 101 | 0 | _arus | |
| 102 | _aRU | ||
| 105 | _ay n 000yy | ||
| 200 | 1 | _a[Назначить командиром 1-й бригады уланской дивизии генерал-майора Рыкова, вместо генерал-майора Тетенборна, отчисленного в число генералов, не имеющих назначений] | |
| 210 |
_a[Б.м. _dдек. 1815] |
||
| 215 |
_a[2] с. _d2° |
||
| 300 | _aПриказ управляющего Военным министерством от 23 нояб. 1815 г. | ||
| 300 | _aНапеч. на одной стороне листа | ||
| 300 | _aРеквизиты док. напеч. слева от текста приказа: Министерство военное. Департамент инспекторский. Отделение I. Стол 1. Декабря 1815. №. | ||
| 300 | _aТекст начинается словами: Господин управляющий Военным министерством от 23 минувшаго ноября за № 3434 объявил, что государь император высочайше повелеть соизволил: генерал-маиора Тетенборна отчислить... | ||
| 316 |
_aЭкз. РНБ (135/310-1815-320) является частью владельческого конволюта. Припл. к: [Приказ по Инспекторскому департаменту о принятии в военную службу статских чиновников]. - [Б.м., дек. 1814]. Вверху с. рукоп. надпись: № 1306/1296. 16/19 декабря 1815. Дата рассылки "9" и исход. номер "17789" вписаны от руки в реквизиты слева от текста. Перед текстом рукоп. запись: "Главнокомандующему в Санктпетербурге, господину генералу от инфантерии и кавалеру Вязмитинову". После текста подписи: за директора генерал-маиор "Гогель" и начальник отделения "Паглиновский". В правом верхнем углу от руки вписан номер л.: 474. _5NLR: 135/310-1815-320 |
||
| 482 | 0 |
_1RU\NLR\BIBL_A\011927950 _12001#$a[Приказ по Инспекторскому департаменту о принятии в военную службу статских чиновников] _1210##$a[Б.м.,$dдек. 1814] _t[Приказ по Инспекторскому департаменту о принятии в военную службу статских чиновников] |
|
| 517 | 1 | _aГосподин управляющий Военным министерством от 23 минувшаго ноября за № 3434 объявил, что государь император высочайше повелеть соизволил: генерал-маиора Тетенборна отчислить... | |
| 518 | 1 | _aГосподин управляющий Военным министерством от 23 минувшего ноября за № 3434 объявил, что государь император высочайше повелеть соизволил: генерал-майора Тетенборна отчислить... | |
| 606 | 1 |
_aЗаконодательство _yРоссия _z1801 - 1825 _92280395 _3RU\NLR\AUTH\6601594564 |
|
| 686 | _aХ2(2)47-3 | ||
| 702 | 1 |
_4720 _7ca _8rus _aПаглиновский _bД. М. _f1768-1840 _gДмитрий Моисеевич _9200630 _3RU\NLR\AUTH\770200681 |
|
| 702 | 1 |
_4720 _7ca _8rus _aГогель _bИ. Г. _f1773-1834 _gИван Григорьевич _9203096 _3RU\NLR\AUTH\770203147 |
|
| 702 | 1 |
_4660 _7ca _8rus _aВязмитинов _bС. К. _f1744-1819 _gСергей Кузьмич _980317 _3RU\NLR\AUTH\7797391 |
|
| 702 | 1 |
_4570 _7ca _8rus _aТеттенборн _bФ.-К. _f1778-1845 _gФридрих-Карл _9205134 _3RU\NLR\AUTH\770205186 |
|
| 702 | 1 |
_4570 _7ca _8rus _aРыков _bВ. Д. _f1759-1827 _gВасилий Дмитриевич _9205122 _3RU\NLR\AUTH\770205174 |
|
| 710 | 0 | 1 |
_aРоссия _bВоенное министерство _bИнспекторский департамент _9379393 _3RU\NLR\AUTH\889942269 |
| 852 |
_aNLR _j135/310-1815-320 |
||
| 942 | _cBOOK | ||
| 980 | _aNB | ||
| 980 | _aA1UKAZ | ||